01475nam a22003255a 4500003000900000005001700009008004100026020001800067040004300085082002400128100003800152245013000190250001900320264004100339300004000380336002600420337002800446338002700474650006200501650006800563650003900631651001000670653002600680655002400706942001200730999001700742952013000759952013000889952013001019EG-ScBUE20220421103510.0181029s2014 caua f 000 0 eng d a9781502997449 aEG-ScBUEbengerdacEG-ScBUEdEG-ScBUE04a418.020285bLOM2221 aLombardino, Rafa,eauthor.94184010aTools and technology in translation :bthe profile of beginning language professionals in the digital age /cRafa Lombardino. aFirst edition. 1aSantee, CA :bWord Awareness,c2014. a255 pages :billustrations ;c22 cm 2rdacontentatextbtxt 2rdamediaaunmediatedbn 2rdacarrieravolumebnc 7aTranslating and interpretingxVocational guidance.2BUEsh 7aTranslating and interpretingxTechnological innovations.2BUEsh 7aMachine translating.2BUEsh940672 2BUEsh bHHUUEENNcOctober2018 vReading book934232 2ddccBB c26903d26875 00102ddc40708BaccahaMAINbMAINc2NDd2018-10-29ePurchaseg420.00l0o418.020285 LOMp000043675r2025-07-15 00:00:00yNB 00102ddc40708BaccahaMAINbMAINc2NDd2018-10-29ePurchaseg420.00l0o418.020285 LOMp000043676r2025-07-15 00:00:00yBB 00102ddc40708BaccahaMAINbMAINc2NDd2018-10-29ePurchaseg420.00l0o418.020285 LOMp000043677r2025-07-15 00:00:00yBB